000 00430nam a2200181Ia 4500
001 15688
005 20260306170214.0
008 260306t2007||||xx |||||||||||||| ||und||
041 _aESP
082 _a576.58
_bT41
100 _aTerrenato, Luciano
_eAUT
245 0 _aPopolazioni e diversitĂ  genetica
260 _c2007
300 _a121 páginas :
_c19 cm.
650 _aGEN
654 _aCCN
942 _cLIB
_dJUS
_fJUS
_2ddc
_n
999 _c15688
_d15688